| 000 | 00948nam a2200265 a 4500 | ||
|---|---|---|---|
| 001 | 928 | ||
| 003 | BR-CuiBMT | ||
| 005 | 20231123160755.0 | ||
| 008 | 230904s2010 spb 000 0 por d | ||
| 020 | _a9788520338346 | ||
| 040 |
_aBR-CuiBMT _cBR-CuiBMT |
||
| 080 |
_a35.086:343.35 _22007 |
||
| 090 |
_a35.086:343.35 _bO83t _c2. ed. |
||
| 100 | 1 | _aOsório, Fábio Medina | |
| 245 | 1 | 0 |
_aTeoria da improbidade administrativa : _bmá gestão pública, corrupção, ineficiência / _cFábio Medina Osório ; prefácio Eduardo García de Enterría. |
| 250 | _a2. ed. rev., atual e ampli. | ||
| 260 |
_aSão Paulo : _bRevista dos Tribunais, _cc2010. |
||
| 300 |
_a509 p. ; _c23 cm |
||
| 504 | _aInclui bibliografia. | ||
| 650 |
_aImprobidade administrativa _zBrasil |
||
| 650 |
_aCorrupção administrativa _xDireito comparado _zBrasil |
||
| 650 |
_aLegislação _zBrasil |
||
| 650 |
_aServidor público _xResponsabilidade _zBrasil |
||
| 942 |
_2udc _cLV |
||
| 999 |
_c928 _d928 |
||